000 00717nas a2200241 4500
001 BR8805474
003 BR-BrBNA
005 20231205091309.0
007 ta
008 230509b bl.|||p| |||| 00| 00por d
040 _aBR-BrBNA
_bpor
_cBiblioteca Nacional de Agricultura
041 _a(Pt)
072 _aL10
100 1 _aRodrigues, C.F.M.
245 1 _aTransferencia de embrioes: qual e o processo?
650 _aBOVINO
650 _aTRANSFERENCIA DE EMBRIAO
650 _aINSEMINACAO ARTIFICIAL
650 _aMELHORAMENTO GENETICO ANIMAL
773 0 _tGado Holandes (Brazil)
_xISSN 0101-7977
_g(Feb 1988), v. 53(147) p. 53
_wBR8805474
909 _a202311
_bLúcia
_c55
_dLúcia Elande
942 _2AGRIS
_n0
_cANA
999 _c124206
_d124206